000 00508nam a2200193Ia 4500
005 20260429112040.0
008 260429s9999||||xx |||||||||||||| ||und||
020 _a9788199052918
041 _aEnglish
082 _a515
_bMAZ
100 _aMazur, Joseph C.
245 0 _aCalculus :
_ban introduction /
_cJoseph C. Mazur
260 _aNew Delhi :
_bBlackwell Press,
_c2026.
300 _a264 p.; hb
650 _a Differential calculus
650 _a Mathematics
650 _aCalculus
942 _cTB
999 _c52078
_d52078